<?xml version="1.0" encoding="UTF-8"?>
<marc:record xmlns:marc="http://www.loc.gov/MARC21/slim">
   <marc:leader>00000nam a2200000 a 4500</marc:leader>
   <marc:datafield ind1="1" ind2=" " tag="100">
      <marc:subfield code="a">Reh, Rusalka</marc:subfield>
      <marc:subfield code="4">aut</marc:subfield>
      <marc:subfield code="e">Verfasser/-in</marc:subfield>
   </marc:datafield>
   <marc:datafield ind1="0" ind2="0" tag="245">
      <marc:subfield code="a">Asphaltspringer</marc:subfield>
   </marc:datafield>
   <marc:datafield ind1="0" ind2="0" tag="245">
      <marc:subfield code="c">Reh, Rusalka</marc:subfield>
   </marc:datafield>
   <marc:datafield ind1=" " ind2="1" tag="264">
      <marc:subfield code="c">2011</marc:subfield>
   </marc:datafield>
   <marc:datafield ind1=" " ind2=" " tag="250">
      <marc:subfield code="a">1. Auflage</marc:subfield>
   </marc:datafield>
   <marc:datafield ind1="1" ind2=" " tag="520">
      <marc:subfield code="a">Unten die Hölle, oben der Traum vom Fliegen. Dipper, Corone, Skylark und Jay sind Traceure. Sooft es geht, trainieren sie Parkour und überwinden Hindernisse  in alten Fabrikgebäuden, Parkanlagen oder auf Sportplätzen. Kite, Corones Ex-Freundin, stößt zu ihnen, und Dipper und sie kommen sich näher. Doch sie hängt noch an Corone  und den beschäftigt noch etwas. Es scheint mit seiner Schwester Kittiwake zu tun zu haben. Und plötzlich ist die Hölle ganz nah</marc:subfield>
   </marc:datafield>
   <marc:datafield ind1=" " ind2=" " tag="020">
      <marc:subfield code="a">9783841501059</marc:subfield>
      <marc:subfield code="9">9783841501059</marc:subfield>
   </marc:datafield>
   <marc:datafield ind1=" " ind2=" " tag="041">
      <marc:subfield code="a">ger</marc:subfield>
   </marc:datafield>
   <marc:datafield ind1=" " ind2=" " tag="300">
      <marc:subfield code="a">206 Seiten</marc:subfield>
   </marc:datafield>
</marc:record>
